000 00750cam a2200241u 4500
001 2929
003 BD-RjUL
005 20211208233638.0
008 131217s1967 pk 000 0 eng
035 _a(BD-RjUL)2957
040 _aDLC
_cCarP
_dDLC
_dBD-RjUL
_beng
041 _aeng
082 0 4 _219
_a336.24
_bBAC 1967
100 1 _aBaig, Mirza Luqman. [from old catalog]
_99373
245 1 2 _aA concise exposition of the law of income tax in Pakistan /
_cMirza Luqman Baig.
250 _a4th ed.
260 _aKarachi :
_bPakistan Pub. House,
_c1967.
300 _axxiii, 422 p. ;
_c25 cm.
650 0 _aIncome tax
_xLaw and legislation
_zPakistan.
_99346
740 0 _aLaw of incomte-tax in Pakistan.
942 _2ddc
_cBK
999 _c2929
_d2929